000 00871nam a2200241Ia 4500
005 20251020182458.0
008 200515s9999 xx 000 0 und d
082 _a624.132.1/C79
100 _aCostes, Jean
245 0 _aMáquinas para movimiento de tierras : descripción - utilización - entretenimiento
260 _aBarcelona
260 _bEditores Técnicos Asociados
260 _c1970
300 _a171 p
300 _bil.
500 _a2 ejemplares
520 _aDestinado a capataces, jefes de obras y a los maquinistas. Tiene por objeto mas que presentar los equipos de movimiento de tierras por sí mismos, mostrar las técnicas modernas de utilización y conservación deducidas de las experiencias francesas y extranj
650 _aMAQUINARIAS Y EQUIPOS
650 _aMOVIMIENTO DE TIERRAS
942 _cLIB
999 _c1064
_d1064